Profil európskeho spotrebiteľa v teórii a v praxi diplomová práca

Saved in:
Bibliographic Details
Main Author: Vlčková, Michaela
Corporate Author: Obchodná fakulta EU. Katedra marketingu
Other Authors: Čihovská, Viera
Format: Book
Language:Slovak
Published: Bratislava 2018
Tags: Add Tag
No Tags, Be the first to tag this record!

MARC

LEADER 00000nbm a2200000 4500
001 0243411
005 20180817121605.0
041 0 |a slo 
044 |a SK 
245 1 0 |a Profil európskeho spotrebiteľa v teórii a v praxi  |b diplomová práca  |c Michaela Vlčková ; školiteľ: Viera Čihovská 
264 1 |a Bratislava  |c 2018 
300 |a 63 s. 
100 1 |a Vlčková, Michaela 
700 1 |a Čihovská, Viera 
710 2 |a Obchodná fakulta EU. Katedra marketingu